| 000 | 01210cab a2200361 4500 | ||
|---|---|---|---|
| 001 | ABS55601 | ||
| 008 | 090401t1996 xxu||||| |||| 00| 0 eng d | ||
| 035 | _a(Sirsi) u17511 | ||
| 041 | _aeng | ||
| 100 | _aCatt, R. | ||
| 245 | _aSurveyor flying by seat of his pants | ||
| 260 | _c1996 | ||
| 350 | _a0 | ||
| 490 |
_aProperty Week _v56(3) 19 July 1996, 22(1) |
||
| 520 | _aCautions surveyors that they might be accused of negligence or ignoring RICS Standards and Practice rules if they fail to mention possible effects of low flying aircraft to properties near airports. Considers the problems, and sources of guidance for surveyors. | ||
| 650 | _aAIRCRAFT NOISE | ||
| 650 | _aAIRCRAFT WAKE VORTICES | ||
| 650 | _aAIRPORTS | ||
| 650 | _aBUILDING SURVEYS | ||
| 650 | _aFLIGHTPATHS | ||
| 650 | _aHOUSE PRICES | ||
| 650 | _aLOW FLYING AIRCRAFT | ||
| 650 | _aNOISE | ||
| 650 | _aPROXIMITY | ||
| 650 | _aRICS APPRAISAL AND VALUATION MANUAL | ||
| 650 | _aRESIDENTIAL SURVEYS | ||
| 650 | _aBUILT ENVIRONMENT-BUILDING ELEMENTS-COMPLETE BUILDING ELEMENTS-ROOFS | ||
| 650 | _aVALUES | ||
| 650 | _aVORTEX ACTION | ||
| 690 | _aPROFESSIONAL PRACTICE | ||
| 942 | _n0 | ||
| 948 | _c04/03/1997 | ||
| 999 |
_c11613 _d11613 |
||